| 000 | 00000nam 2200000zi 4500 |
| 001 | 9.931479 |
| 003 | CaOODSP |
| 005 | 20240417151713 |
| 006 | m o d f |
| 007 | cr ||||||||||| |
| 008 | 231214t20242024onc ob f000 0 eng d |
| 020 | |a9780660693132 |
| 040 | |aCaOODSP|beng|erda|cCaOODSP |
| 043 | |an-cn--- |
| 086 | 1 |aMR4-103/1-2024E-PDF |
| 245 | 00|aPartnerships for cannabis policy evaluation end-of-grant workshop : |bwhat we heard report. |
| 264 | 1|a[Ottawa] : |bCanadian Institutes of Health Research = Instituts de recherche en santé du Canada, |c2024. |
| 264 | 4|c©2024 |
| 300 | |a1 online resource (12 pages) |
| 336 | |atext|btxt|2rdacontent |
| 337 | |acomputer|bc|2rdamedia |
| 338 | |aonline resource|bcr|2rdacarrier |
| 500 | |aIssued also in French under title: Atelier de fin de subvention : partenariats pour l’évaluation des politiques sur le cannabis : compte rendu. |
| 500 | |a"Date: June 13, 2023. Time: 11 a.m. to 2 p.m. ET." |
| 504 | |aIncludes bibliographical references. |
| 650 | 0|aCannabis|xGovernment policy|zCanada|xEvaluation. |
| 710 | 2 |aCanadian Institutes of Health Research, |eissuing body. |
| 710 | 2 |aInstitute of Neurosciences, Mental Health and Addiction (Canada), |eissuing body. |
| 775 | 08|tAtelier de fin de subvention : |w(CaOODSP)9.931481 |
| 856 | 40|qPDF|s538 KB|uhttps://publications.gc.ca/collections/collection_2024/irsc-cihr/MR4-103-1-2024-eng.pdf |
| 856 | 4 |qHTML|sN/A|uhttps://cihr-irsc.gc.ca/e/53808.html |